000 00412nmm a2200145Ia 4500
008 251105s9999||||xx |||||||||||||||||und||
041 _aspa
100 _aSantos, Care
245 0 _aCrypta :
_b Serie Eblus II
264 _a[Madrid, España] :
_bEdiciones B,
_c2016
300 _a400 páginas
650 _aTeen & Young Adult Fiction
856 _uhttps://public.digitaliapublishing.com/a/53731
942 _cCF
999 _c105807
_d105807